书目信息 |
| 题名: |
毛泽东与陈毅
|
|
| 作者: | 袁德金 著 | |
| 分册: | ||
| 出版信息: | 北京 北京出版社 2003 |
|
| 页数: | 389页 | |
| 开本: | 21cm | |
| 丛书名: | 毛泽东高层政治交往书系 | |
| 单 册: | ||
| 中图分类: | A752 , K825.2=73 , A752 | |
| 科图分类: | ||
| 主题词: | 毛泽东--生平事迹 , 毛泽东--传记 | |
| 电子资源: | ||
| ISBN: | 7-200-03347-2 | |
| 000 | 01087oam2 2200349 450 | |
| 001 | 1234915342 | |
| 005 | 20120928094430.04 | |
| 010 | @a7-200-03347-2@dCNY24.00 | |
| 100 | @a20031224d2003 em y0chiy50 ea | |
| 101 | 0 | @achi |
| 102 | @aCN@b110000 | |
| 105 | @ay z 000yd | |
| 106 | @ar | |
| 200 | 1 | @a毛泽东与陈毅@e从相争到信服@f袁德金著@Amao ze dong yu chen yi |
| 205 | @a2版 | |
| 210 | @a北京@c北京出版社@d2003 | |
| 215 | @a389页@d21cm | |
| 225 | 2 | @a毛泽东高层政治交往书系 |
| 330 | @a本书从毛泽东与陈毅交往的视角,表现了毛泽东与陈毅这两位伟人的高尚的政治情操、特殊的人格魅力和不同的性格特征。 | |
| 461 | 0 | @1001002538973 |
| 600 | 0 | @a陈毅@f(1901-1972) |
| 600 | 0 | @a毛泽东@f(1893-1976)@x生平事迹 |
| 600 | 0 | @a陈毅@f(1901-1972)@x生平事迹 |
| 600 | 0 | @a毛泽东@f(1893-1976) |
| 606 | 0 | @a毛泽东@x生平事迹 |
| 606 | 0 | @a毛泽东@x传记 |
| 690 | @aA752@v4 | |
| 690 | @aK825.2=73@v4 | |
| 690 | @aA752@v4 | |
| 701 | 0 | @a袁德金@f(1951~)@4著@Ayuan de jin |
| 801 | 0 | @aCN@b大连网信软件有限公司图书馆·11@c20120928 |
| 905 | @a10447@dA752@eJY45 | |
| 毛泽东与陈毅:从相争到信服/袁德金著.-2版 .-北京:北京出版社,2003 |
| 389页;21cm .-(毛泽东高层政治交往书系 ) |
| ISBN 7-200-03347-2:CNY24.00 |
| 本书从毛泽东与陈毅交往的视角,表现了毛泽东与陈毅这两位伟人的高尚的政治情操、特殊的人格魅力和不同的性格特征。 |
| ● |
| 相关链接 |
|
|
|
|
正题名:毛泽东与陈毅
索取号:A752/JY45
 
预约/预借
| 序号 | 登录号 | 条形码 | 馆藏地/架位号 | 状态 | 备注 |
| 1 | 7809358 | 278093581 | 学院路分馆/ [索取号:A752/JY45] | 在馆 | |
| 2 | 7809359 | 278093590 | 学院路分馆/ [索取号:A752/JY45] | 在馆 | |
| 3 | 7809360 | 278093607 | 学院路分馆/ [索取号:A752/JY45] | 在馆 | |
| 4 | 7809361 | 278093616 | 学院路分馆/ [索取号:A752/JY45] | 在馆 |